[Event "4NCL 3 South pool A"]
[Site "Reading, ENG"]
[Date "2016.11.26"]
[Round "1.15"]
[White "Girdlestone, Paul C"]
[Black "Fenwick, Hugh F"]
[Result "1-0"]
[WhiteElo "2123"]
[BlackElo "1912"]
[PlyCount "71"]
[EventDate "2016.11.26"]
[WhiteTeam "Brown Jack 1"]
[BlackTeam "Surbiton"]

1. e4 e6 2. b3 b6 3. Bb2 Bb7 4. Nc3 Nf6 5. e5 Nd5 6. Nxd5 Bxd5 7. Qg4 Bb7 8.
Nf3 Nc6 9. O-O-O Qe7 10. d4 O-O-O 11. Bc4 Nb4 12. Kb1 Nd5 13. Bxd5 Bxd5 14. c4
Bb7 15. d5 f6 16. Rhe1 f5 17. Qf4 Qe8 18. d6 h6 19. c5 Be4+ 20. Ka1 c6 21. Bd4
Kb7 22. Qe3 b5 23. Nd2 Bd5 24. a4 a6 25. Qc3 Rb8 26. Kb2 Qd8 27. Ra1 g6 28.
axb5 axb5 29. Qb4 Bg7 30. f4 g5 31. Ra5 Ra8 32. Rea1 Rxa5 33. Rxa5 gxf4 34. Qa3
Qb8 35. Ra6 Qa8 36. Rb6+ 1-0

[Event "4NCL 3 South pool A"]
[Site "Reading, ENG"]
[Date "2016.11.26"]
[Round "1.16"]
[White "Ratnesan, Ranesh"]
[Black "Rabbitt, Michael"]
[Result "0-1"]
[WhiteElo "1894"]
[BlackElo "2034"]
[PlyCount "92"]
[EventDate "2016.11.26"]
[WhiteTeam "Surbiton"]
[BlackTeam "Brown Jack 1"]

1. Nf3 Nf6 2. g3 d5 3. Bg2 Bf5 4. c4 c6 5. O-O e6 6. cxd5 exd5 7. d3 Be7 8. Qb3
Qb6 9. Qc2 O-O 10. Nh4 Be6 11. e4 Nbd7 12. Nc3 dxe4 13. dxe4 Rfd8 14. Be3 Qa5
15. Nf5 Bxf5 16. exf5 Ne5 17. Rad1 Nc4 18. Bc1 Nd6 19. Bh3 h6 20. Rfe1 Bf8 21.
a3 Re8 22. b4 Qc7 23. Bf4 Rxe1+ 24. Rxe1 Qd7 25. Qd3 Rd8 26. Kg2 Qc8 27. Qc2 a5
28. Be5 Re8 29. Qd3 axb4 30. axb4 Qd8 31. Qd4 Nd7 32. Re3 Nxe5 33. Rxe5 Rxe5
34. Qxe5 Qb6 35. Qc5 Qc7 36. Nd5 Qd8 37. Ne3 Nb5 38. Qc4 Qd4 39. Qa2 Qxb4 40.
f6 g6 41. Ng4 Nd6 42. f3 Qd4 43. Qe2 Nc4 44. Qe8 Qd2+ 45. Kg1 h5 46. Nf2 Ne3
0-1

[Event "4NCL 3 South pool A"]
[Site "Reading, ENG"]
[Date "2016.11.26"]
[Round "1.21"]
[White "Piper, Stephen J"]
[Black "Gill, Oliver"]
[Result "1-0"]
[WhiteElo "2076"]
[BlackElo "2141"]
[PlyCount "79"]
[EventDate "2016.11.26"]
[WhiteTeam "The Rookies"]
[BlackTeam "Wessex"]

1. c4 b6 2. Nc3 Bb7 3. d3 e5 4. e4 Bc5 5. Nf3 Nc6 6. Be2 d6 7. a3 a5 8. Nd5
Nge7 9. Be3 O-O 10. O-O f5 11. Rb1 f4 12. Bd2 Nd4 13. Nxd4 Bxd4 14. Nxe7+ Qxe7
15. Bc3 Bxc3 16. bxc3 Rf6 17. Bf3 Raf8 18. d4 exd4 19. e5 dxe5 20. Bxb7 c6 21.
Rxb6 Rb8 22. Qb3 a4 23. Qxa4 dxc3 24. Rfb1 Qc7 25. c5 Rd8 26. Qc4+ Kh8 27. Qxc3
f3 28. Ba6 fxg2 29. Rb7 Qc8 30. Rb8 Qxb8 31. Rxb8 Rxb8 32. Qxe5 Rbf8 33. Qe1
Rf5 34. Bd3 Rxc5 35. Qe4 Rh5 36. Qxc6 Rd8 37. Qe4 g6 38. Bc4 Rg5 39. Bb3 h5 40.
Qe7 1-0

[Event "4NCL 3 South pool A"]
[Site "Reading, ENG"]
[Date "2016.11.26"]
[Round "1.22"]
[White "Simons, Martin J"]
[Black "Compton, Alistair"]
[Result "0-1"]
[WhiteElo "2028"]
[BlackElo "2088"]
[PlyCount "72"]
[EventDate "2016.11.26"]
[WhiteTeam "Wessex"]
[BlackTeam "The Rookies"]

1. d4 d5 2. e4 e6 3. Nc3 Nf6 4. Bg5 Bb4 5. a3 Bxc3+ 6. bxc3 h6 7. Bxf6 Qxf6 8.
e5 Qe7 9. Qg4 O-O 10. f4 c5 11. Nf3 Nc6 12. Bd3 f5 13. Qh3 Bd7 14. Rg1 Qf7 15.
g4 c4 16. Be2 fxg4 17. Rxg4 Qf5 18. Qg3 Rf7 19. Kd2 Ne7 20. Rg1 Qh7 21. Nh4 a5
22. Qg2 Ba4 23. Bd1 b5 24. Rg3 b4 25. axb4 axb4 26. cxb4 c3+ 27. Kxc3 Rc8+ 28.
Kb2 Rc4 29. f5 Rxb4+ 30. Ka3 Nc6 31. c3 Rc4 32. f6 g5 33. Rxg5+ hxg5 34. Qxg5+
Kf8 35. Ng6+ Ke8 36. Nf4 Bxd1 0-1

[Event "4NCL 3 South pool A"]
[Site "Reading, ENG"]
[Date "2016.11.26"]
[Round "1.23"]
[White "Jaszkiwskyj, Peter"]
[Black "Pleasants, Allan J"]
[Result "1/2-1/2"]
[WhiteElo "1948"]
[BlackElo "2018"]
[PlyCount "94"]
[EventDate "2016.11.26"]
[WhiteTeam "The Rookies"]
[BlackTeam "Wessex"]

1. d4 Nf6 2. c4 g6 3. Nf3 Bg7 4. Nc3 d6 5. Bf4 O-O 6. e3 Nbd7 7. Be2 b6 8. h3
Bb7 9. O-O Ne4 10. Nxe4 Bxe4 11. Rc1 e5 12. Bh2 Qe7 13. Qd2 Rad8 14. Rfd1 a5
15. a3 Bc6 16. Qc2 f5 17. b4 axb4 18. axb4 Kh8 19. Ra1 Ra8 20. Qc3 exd4 21.
Nxd4 Ba4 22. Rd2 c5 23. Bf3 cxd4 24. exd4 Rac8 25. Re2 Qf6 26. Rxa4 b5 27. Ra6
Rxc4 28. Qe1 Rxd4 29. Rd2 Ne5 30. Be2 Re4 31. Raxd6 Qe7 32. f3 Rxb4 33. Bg3 Re8
34. Qd1 Nc4 35. Bxc4 Rxc4 36. Rd8 Rc8 37. R8d7 Qe6 38. R7d6 Qe7 39. Rd7 Qf6 40.
Qb3 Rc1+ 41. Kh2 Qb6 42. Bf2 Qb8+ 43. g3 Rc4 44. R7d5 Rc3 45. Qxb5 Qxb5 46.
Rxb5 Rc7 47. Rbd5 Bf6 1/2-1/2

[Event "4NCL 3 South pool A"]
[Site "Reading, ENG"]
[Date "2016.11.26"]
[Round "1.24"]
[White "De Coverly, Roger D"]
[Black "Gibson, Christopher A"]
[Result "1-0"]
[WhiteElo "2017"]
[BlackElo "1950"]
[PlyCount "85"]
[EventDate "2016.11.26"]
[WhiteTeam "Wessex"]
[BlackTeam "The Rookies"]

1. Nf3 Nf6 2. g3 g6 3. Bg2 Bg7 4. O-O O-O 5. d4 d6 6. c4 Nc6 7. Nc3 a6 8. d5
Na5 9. Nd2 c5 10. Qc2 Ng4 11. Rb1 Ne5 12. b3 Rb8 13. Bb2 b5 14. Nd1 Bg4 15. f3
Bc8 16. f4 Nd7 17. Bxg7 Kxg7 18. e4 e5 19. dxe6 fxe6 20. Ne3 e5 21. Qd3 Qe7 22.
Nd5 Qd8 23. f5 Nc6 24. fxg6 hxg6 25. Rxf8 Nxf8 26. Rf1 Nd4 27. Rf2 Rb7 28. Qf1
b4 29. Nf3 Nxf3+ 30. Rxf3 Ne6 31. Rf2 Nd4 32. Bh3 a5 33. Rf6 Bxh3 34. Qxh3 a4
35. Qg4 Qe8 36. bxa4 Rd7 37. h4 Nc6 38. h5 Ne7 39. Re6 Qf7 40. Nxe7 Rxe7 41.
Rxe7 Qxe7 42. Qxg6+ Kh8 43. h6 1-0

[Event "4NCL 3 South pool A"]
[Site "Reading, ENG"]
[Date "2016.11.26"]
[Round "1.25"]
[White "Conterno, Dominique"]
[Black "Gregory, Keith D F"]
[Result "1/2-1/2"]
[WhiteElo "1832"]
[BlackElo "1995"]
[PlyCount "141"]
[EventDate "2016.11.26"]
[WhiteTeam "The Rookies"]
[BlackTeam "Wessex"]

1. e4 d6 2. d4 Nf6 3. Nc3 Nbd7 4. Nf3 e5 5. Bc4 h6 6. O-O Be7 7. Re1 c6 8. Bb3
Qc7 9. a4 Nf8 10. d5 g5 11. Nd2 Ng6 12. Nf1 c5 13. Bc4 Nf4 14. Bb5+ Kf8 15. Ne3
Ne8 16. Bxe8 Kxe8 17. Nb5 Qd8 18. g3 Ng6 19. Nf5 a6 20. Nc3 Bf8 21. Qh5 Qf6 22.
Ne3 Rg8 23. Ng4 Qg7 24. Kh1 Rh8 25. Bd2 Be7 26. Rg1 Kd8 27. Nd1 f5 28. Nge3
fxe4 29. Nc3 Bd7 30. Nxe4 b6 31. c4 Kc7 32. b3 Raf8 33. Bc3 Qf7 34. Raf1 Qf3+
35. Qxf3 Rxf3 36. Nd2 Rf7 37. Kg2 h5 38. f3 Rhf8 39. Ne4 Rg8 40. Nd2 Nf4+ 41.
gxf4 gxf4+ 42. Kf2 fxe3+ 43. Kxe3 Bg5+ 44. Ke2 Bxd2 45. Bxd2 Rgf8 46. Rg5 e4
47. f4 Bg4+ 48. Ke3 Bf3 49. h4 Rxf4 50. Rg7+ Kc8 51. Ra1 R4f7 52. Rxf7 Rxf7 53.
a5 bxa5 54. Bxa5 Rg7 55. b4 cxb4 56. Bxb4 Rd7 57. Rg1 Kc7 58. Bc3 Kb7 59. Rg7
Rxg7 60. Bxg7 Kc7 61. Bd4 a5 62. c5 dxc5 63. Bxc5 a4 64. Kd4 Kd7 65. Ke5 Bg2
66. Kf4 e3 67. Kxe3 Bxd5 68. Kd4 Bf3 69. Kc3 Kc6 70. Be3 Kb5 71. Kb2 1/2-1/2

[Event "4NCL 3 South pool A"]
[Site "Reading, ENG"]
[Date "2016.11.26"]
[Round "1.26"]
[White "Adaway, William"]
[Black "Ressel, Eva"]
[Result "1-0"]
[WhiteElo "1944"]
[BlackElo "1742"]
[PlyCount "49"]
[EventDate "2016.11.26"]
[WhiteTeam "Wessex"]
[BlackTeam "The Rookies"]

1. Nf3 Nf6 2. g3 Nc6 3. Bg2 e5 4. d3 d5 5. O-O Be6 6. c3 Qd7 7. b4 a6 8. Nbd2
Rd8 9. Nb3 Bh3 10. Bg5 h6 11. Bxf6 gxf6 12. Nc5 Bxc5 13. bxc5 Qg4 14. Qc2 Bxg2
15. Kxg2 e4 16. Nh4 Rg8 17. Kh1 Qh3 18. Ng2 Ne5 19. Nf4 Qg4 20. dxe4 c6 21.
Rad1 h5 22. exd5 cxd5 23. Rxd5 Rxd5 24. Nxd5 Nf3 25. Nxf6+ 1-0

[Event "4NCL 3 South pool A"]
[Site "Reading, ENG"]
[Date "2016.11.26"]
[Round "1.31"]
[White "Cooper, Lawrence H"]
[Black "Ralphs, Nigel"]
[Result "1-0"]
[WhiteElo "2341"]
[BlackElo "2058"]
[PlyCount "35"]
[EventDate "2016.11.26"]
[WhiteTeam "Wood Green MM 1"]
[BlackTeam "Rhyfelwyr Essyllwg"]

1. d4 d5 2. c4 c6 3. Nc3 Nf6 4. e3 e6 5. Nf3 Nbd7 6. Qc2 Bd6 7. Be2 O-O 8. O-O
Re8 9. Rd1 Qe7 10. e4 Nxe4 11. Nxe4 dxe4 12. Qxe4 Nf6 13. Qh4 b6 14. Bd3 Bb7
15. Bg5 h6 16. Bxh6 gxh6 17. Qxh6 Qd8 18. Ng5 1-0

[Event "4NCL 3 South pool A"]
[Site "Reading, ENG"]
[Date "2016.11.26"]
[Round "1.32"]
[White "Brown, Thomas"]
[Black "Sygnowski, Tomasz"]
[Result "0-1"]
[WhiteElo "2071"]
[BlackElo "2104"]
[PlyCount "54"]
[EventDate "2016.11.26"]
[WhiteTeam "Rhyfelwyr Essyllwg"]
[BlackTeam "Wood Green MM 1"]

1. d4 Nf6 2. c4 e6 3. Nc3 d5 4. Nf3 Be7 5. Bf4 O-O 6. e3 c5 7. dxc5 Bxc5 8.
cxd5 Nxd5 9. Nxd5 exd5 10. Bd3 Bb4+ 11. Nd2 d4 12. e4 Qf6 13. Bg3 Nc6 14. f4
Qh6 15. a3 Ba5 16. O-O Ne5 17. Nc4 Bg4 18. Qb3 Nxd3 19. Qxd3 Qa6 20. f5 Rfd8
21. Be5 f6 22. Qb3 Kh8 23. Rf4 Be2 24. Nxa5 Qxa5 25. Bxf6 gxf6 26. Qxb7 d3 27.
Rh4 Qb6+ 0-1

[Event "4NCL 3 South pool A"]
[Site "Reading, ENG"]
[Date "2016.11.26"]
[Round "1.33"]
[White "Manelidou, Maria"]
[Black "Trevelyan, John"]
[Result "0-1"]
[WhiteElo "2084"]
[BlackElo "2072"]
[PlyCount "46"]
[EventDate "2016.11.26"]
[WhiteTeam "Wood Green MM 1"]
[BlackTeam "Rhyfelwyr Essyllwg"]

1. e4 d6 2. d4 e5 3. Nf3 Nc6 4. h3 exd4 5. Nxd4 g6 6. Nc3 Bg7 7. Be3 Nf6 8. Be2
O-O 9. O-O Re8 10. Nxc6 bxc6 11. Bf3 Bb7 12. Re1 Nd7 13. Qd2 Ne5 14. Be2 Qf6
15. Bg5 Qe6 16. b3 f6 17. Be3 f5 18. Rad1 fxe4 19. Nxe4 Kh8 20. Ng5 Qf6 21. Qa5
Re7 22. Ne4 Qf5 23. Ng3 Nf3+ 0-1

[Event "4NCL 3 South pool A"]
[Site "Reading, ENG"]
[Date "2016.11.26"]
[Round "1.34"]
[White "Heaven, Peter"]
[Black "Green, Michael"]
[Result "0-1"]
[WhiteElo "2047"]
[BlackElo "1975"]
[PlyCount "92"]
[EventDate "2016.11.26"]
[WhiteTeam "Rhyfelwyr Essyllwg"]
[BlackTeam "Wood Green MM 1"]

1. e4 e6 2. b3 d5 3. Bb2 dxe4 4. Nc3 Nf6 5. Qe2 Be7 6. O-O-O O-O 7. g4 a5 8. g5
Nd5 9. Qxe4 Bxg5 10. h4 Nf6 11. Qg2 Bh6 12. Bd3 Bd7 13. Nh3 Bc6 14. f3 Nbd7 15.
Rhg1 a4 16. b4 Ne5 17. Be2 a3 18. Ba1 Qd4 19. Qg3 Nd5 20. f4 Ng6 21. Rdf1 Nxb4
22. h5 Ne7 23. Bd3 Nxd3+ 24. cxd3 Nf5 25. Qe1 Qxd3 26. Nf2 Qd4 27. Ng4 Kh8 28.
Kb1 Qd3+ 29. Kc1 Nd4 30. Qd1 Ba4 31. Nxa4 Ne2+ 32. Qxe2 Qxe2 33. Nxh6 f6 34.
Nc3 Qxh5 35. Ng4 Qc5 36. Kd1 Qd4 37. Rg2 Rad8 38. Re2 e5 39. Ne3 exf4 40. Nf5
Qb4 41. Re4 Qb6 42. Re7 g6 43. Rh1 h5 44. Nh4 Qd4 45. Nxg6+ Kg8 46. Re2 f3 0-1

[Event "4NCL 3 South pool A"]
[Site "Reading, ENG"]
[Date "2016.11.26"]
[Round "1.35"]
[White "Serbanescu, Diana-Maria"]
[Black "Taylor, Robert Graham"]
[Result "1-0"]
[WhiteElo "1989"]
[BlackElo "1973"]
[Annotator "Carr,Matt"]
[PlyCount "58"]
[EventDate "2016.11.26"]
[WhiteTeam "Wood Green MM 1"]
[BlackTeam "Rhyfelwyr Essyllwg"]

1. e4 c5 2. c3 e5 3. Nf3 Nc6 4. Bc4 d6 5. O-O Be7 6. Re1 Nf6 7. d4 O-O 8. Bb5
Bd7 9. Bxc6 Bxc6 10. d5 Bd7 11. a4 Ne8 12. Na3 Bf6 13. Nc4 g6 14. Be3 Bg7 15.
Nfd2 f5 16. f3 Bf6 17. f4 Qe7 18. exf5 gxf5 19. fxe5 dxe5 20. Bh6 Rf7 21. Bf4
e4 22. Nf1 b6 23. Nfe3 Kh8 24. Kh1 Bg5 25. Be5+ Bf6 26. Bf4 Bg5 27. d6 Qd8 28.
Bxg5 Qxg5 29. Nd5 Rg7 {Scoresheets illegible, unable to continue} 1-0

[Event "4NCL 3 South pool A"]
[Site "Reading, ENG"]
[Date "2016.11.26"]
[Round "1.36"]
[White "Jones, Derek"]
[Black "Guha, Chirag"]
[Result "1-0"]
[WhiteElo "1906"]
[BlackElo "1922"]
[PlyCount "139"]
[EventDate "2016.11.26"]
[WhiteTeam "Rhyfelwyr Essyllwg"]
[BlackTeam "Wood Green MM 1"]

1. c4 e6 2. Nf3 Nf6 3. g3 d5 4. Bg2 g6 5. d4 Bg7 6. Nc3 O-O 7. O-O c6 8. b3
Nbd7 9. Bb2 b6 10. cxd5 exd5 11. Rc1 Bb7 12. Re1 Re8 13. Ba3 Ne4 14. Nxe4 dxe4
15. Nd2 c5 16. dxc5 bxc5 17. Nc4 Qc7 18. Nd6 Red8 19. Nxb7 Qxb7 20. Qc2 Nf6 21.
Bxc5 Rac8 22. b4 a5 23. a3 axb4 24. axb4 Re8 25. e3 Qd7 26. Qe2 Nd5 27. Qc4 Qf5
28. Red1 Nb6 29. Qb5 Nd5 30. Qc4 Nb6 31. Qb3 Nd7 32. Qd5 Qxd5 33. Rxd5 Nb6 34.
Rdd1 Na4 35. Bh3 f5 36. Bf1 Nb2 37. Bc4+ Kh8 38. Rd7 Red8 39. Rxd8+ Rxd8 40.
Rc2 Rd1+ 41. Kg2 Nd3 42. Ra2 Ne1+ 43. Kh3 Rd8 44. Be7 Re8 45. Ra7 Be5 46. b5
Rb8 47. Rd7 h6 48. Rd8+ Rxd8 49. Bxd8 Nd3 50. b6 Nc5 51. Bc7 Bf6 52. Bd5 Bc3
53. b7 Nxb7 54. Bxb7 Be1 55. Kg2 Kg7 56. Be5+ Kf7 57. Bd5+ Kf8 58. h3 h5 59. g4
Ke7 60. gxh5 gxh5 61. f3 exf3+ 62. Kxf3 h4 63. Kf4 Bf2 64. Bd4 Kd6 65. Bg8 Ke7
66. Kxf5 Bxe3 67. Bxe3 Kf8 68. Bc4 Kg7 69. Kg5 Kh7 70. Kxh4 1-0

[Event "4NCL 3 South pool A"]
[Site "Reading, ENG"]
[Date "2016.11.26"]
[Round "1.41"]
[White "Swanson, Stephen"]
[Black "Friedgood, David"]
[Result "0-1"]
[WhiteElo "2198"]
[BlackElo "2222"]
[PlyCount "80"]
[EventDate "2016.11.26"]
[WhiteTeam "Poisoned Pawns 1"]
[BlackTeam "MK Phoenix 1"]

1. e4 c5 2. Nf3 e6 3. d3 d5 4. Qe2 Ne7 5. g3 Nbc6 6. Bg2 g6 7. O-O Bg7 8. Re1
O-O 9. c3 e5 10. a4 d4 11. Na3 h6 12. cxd4 cxd4 13. Nc4 Be6 14. b3 a6 15. a5
Bxc4 16. bxc4 Nxa5 17. Qa2 Nac6 18. c5 b5 19. cxb6 Qxb6 20. Ba3 Rfb8 21. Nd2 a5
22. Bxe7 Nxe7 23. Reb1 Qd8 24. Rxb8 Qxb8 25. Qa4 Qc7 26. Nc4 Qc5 27. Rb1 Qc6
28. Rb5 Qe8 29. Bh3 Nc6 30. Nb6 Rb8 31. Bd7 Qd8 32. Bxc6 Rxb6 33. Rxa5 Rxc6 34.
Kg2 Qc7 35. Ra7 Qb6 36. h4 h5 37. Re7 Qc5 38. Re8+ Kh7 39. Qa2 Qc2 40. Qxf7 Rf6
0-1

[Event "4NCL 3 South pool A"]
[Site "Reading, ENG"]
[Date "2016.11.26"]
[Round "1.42"]
[White "Tippleston, Charles E"]
[Black "Harley, Andrew D"]
[Result "0-1"]
[WhiteElo "2116"]
[BlackElo "2193"]
[PlyCount "52"]
[EventDate "2016.11.26"]
[WhiteTeam "MK Phoenix 1"]
[BlackTeam "Poisoned Pawns 1"]

1. e4 e6 2. d4 d5 3. Nc3 Bb4 4. e5 c5 5. a3 Bxc3+ 6. bxc3 Ne7 7. Qg4 O-O 8. Bd3
Nbc6 9. Nf3 f5 10. Qh3 Qa5 11. Bd2 cxd4 12. cxd4 Qa4 13. c3 Ng6 14. Rg1 Nce7
15. g4 Qe8 16. Rb1 b6 17. Rg2 Bd7 18. Ke2 Rc8 19. Ng5 h6 20. Nf3 Rxc3 21. gxf5
Rxd3 22. Kxd3 Bb5+ 23. Kc2 Ba4+ 24. Kd3 Qc6 25. Ke2 Qc2 26. f6 Nf4+ 0-1

[Event "4NCL 3 South pool A"]
[Site "Reading, ENG"]
[Date "2016.11.26"]
[Round "1.43"]
[White "Clark, Kevin R"]
[Black "Reuben, Stewart"]
[Result "1/2-1/2"]
[WhiteElo "2147"]
[BlackElo "2080"]
[PlyCount "103"]
[EventDate "2016.11.26"]
[WhiteTeam "Poisoned Pawns 1"]
[BlackTeam "MK Phoenix 1"]

1. e4 c5 2. c3 b6 3. d4 Bb7 4. Bd3 e6 5. Nf3 d6 6. O-O Nd7 7. Bf4 Ngf6 8. Re1
Be7 9. Nbd2 Qc7 10. h3 O-O 11. a4 c4 12. Bb1 e5 13. Bh2 a6 14. Qe2 b5 15. Bc2
Rfe8 16. g4 g6 17. Rec1 Kg7 18. b3 Rac8 19. axb5 axb5 20. bxc4 bxc4 21. Ba4 Bf8
22. dxe5 dxe5 23. g5 Nh5 24. Nxc4 Qxc4 25. Qxc4 Rxc4 26. Bxd7 Re7 27. Bxe5+ Kg8
28. Bb5 Rc5 29. Bd3 Rcxe5 30. Nxe5 Rxe5 31. Rcb1 Bxe4 32. Bxe4 Rxe4 33. Ra8 Ng7
34. Rb4 Re5 35. h4 Ne6 36. Rbb8 Rc5 37. Rc8 Kg7 38. Kg2 Rxc8 39. Rxc8 h6 40.
gxh6+ Kxh6 41. Rb8 Kh5 42. Rb7 f5 43. Rh7+ Kg4 44. f3+ Kf4 45. h5 gxh5 46. Rxh5
Bc5 47. Kf1 Ke5 48. Ke1 Be3 49. Rh8 f4 50. Rb8 Kd5 51. Rb5+ Kc4 52. Re5 1/2-1/2

[Event "4NCL 3 South pool A"]
[Site "Reading, ENG"]
[Date "2016.11.26"]
[Round "1.44"]
[White "Habershon, Paul F"]
[Black "Byway, Paul V"]
[Result "1/2-1/2"]
[WhiteElo "2049"]
[BlackElo "2048"]
[PlyCount "46"]
[EventDate "2016.11.26"]
[WhiteTeam "MK Phoenix 1"]
[BlackTeam "Poisoned Pawns 1"]

1. e4 c5 2. Nc3 Nc6 3. f4 e6 4. Nf3 Nge7 5. g3 d5 6. d3 dxe4 7. dxe4 Qxd1+ 8.
Nxd1 g6 9. Be3 b6 10. Nc3 Bg7 11. Nb5 O-O 12. O-O-O e5 13. Be2 Bg4 14. c3 Rad8
15. h3 Be6 16. Nd2 f5 17. Nc7 Bf7 18. Bc4 Bxc4 19. Nxc4 exf4 20. Bxf4 Rxd1+ 21.
Rxd1 Rd8 22. Rxd8+ Nxd8 23. exf5 Nxf5 1/2-1/2

[Event "4NCL 3 South pool A"]
[Site "Reading, ENG"]
[Date "2016.11.26"]
[Round "1.45"]
[White "Rosen, Daniel B"]
[Black "Fraser-Mitchell, Jeremy N"]
[Result "1/2-1/2"]
[WhiteElo "2043"]
[BlackElo "2070"]
[PlyCount "42"]
[EventDate "2016.11.26"]
[WhiteTeam "Poisoned Pawns 1"]
[BlackTeam "MK Phoenix 1"]

1. e4 e6 2. d4 d5 3. Nc3 Bb4 4. Nge2 dxe4 5. a3 Bxc3+ 6. Nxc3 e5 7. dxe5 Qxd1+
8. Nxd1 Nc6 9. Bf4 Nge7 10. Bg3 Ng6 11. Bb5 Bd7 12. Bxc6 Bxc6 13. e6 O-O-O 14.
exf7 Rhf8 15. Ne3 Rxf7 16. O-O h5 17. h3 Nf4 18. Bxf4 Rxf4 19. Rad1 Rff8 20.
Rxd8+ Rxd8 21. Rd1 Rxd1+ 1/2-1/2

[Event "4NCL 3 South pool A"]
[Site "Reading, ENG"]
[Date "2016.11.26"]
[Round "1.46"]
[White "Smith, Graham"]
[Black "Kemp, Paul R"]
[Result "0-1"]
[WhiteElo "2012"]
[BlackElo "2088"]
[PlyCount "40"]
[EventDate "2016.11.26"]
[WhiteTeam "MK Phoenix 1"]
[BlackTeam "Poisoned Pawns 1"]

1. e4 c6 2. d4 d5 3. e5 c5 4. dxc5 e6 5. Be3 Nd7 6. Nf3 Bxc5 7. Bxc5 Nxc5 8.
Nc3 a6 9. Be2 Ne7 10. O-O b5 11. Qd4 Qc7 12. Bxb5+ axb5 13. Nxb5 Qb6 14. Nd6+
Kf8 15. b4 Na4 16. Qf4 Nf5 17. Nxc8 Rxc8 18. Rfc1 Nc3 19. Qd2 Qxb4 20. Rab1 Qc4
0-1

[Event "4NCL 3 South pool A"]
[Site "Reading, ENG"]
[Date "2016.11.27"]
[Round "2.11"]
[White "Gill, Oliver"]
[Black "Girdlestone, Paul C"]
[Result "1-0"]
[WhiteElo "2141"]
[BlackElo "2123"]
[PlyCount "79"]
[EventDate "2016.11.27"]
[WhiteTeam "Wessex"]
[BlackTeam "Brown Jack 1"]

1. e4 e5 2. Nf3 Nc6 3. Bb5 g6 4. d4 exd4 5. Bg5 f6 6. Bh4 h5 7. h3 g5 8. Bg3
Bc5 9. O-O g4 10. hxg4 hxg4 11. Nh2 d6 12. Nd2 Bd7 13. Nb3 Ne5 14. Bxd7+ Qxd7
15. Nxc5 dxc5 16. Bxe5 fxe5 17. Qxg4 Qh7 18. Qe6+ Ne7 19. Qxe5 O-O-O 20. f3 Kb8
21. Ng4 Ng6 22. Qg5 Rd6 23. Kf2 Qg8 24. Rh1 Qc4 25. Kg3 Rg8 26. Nf6 Ne7 27.
Nxg8 Rg6 28. Nxe7 Rxg5+ 29. Kf4 a5 30. Kxg5 Qxc2 31. b3 Qxg2+ 32. Kf4 Qd2+ 33.
Kf5 b5 34. Nd5 Qg2 35. f4 d3 36. Rag1 Qb2 37. Rh7 b4 38. Rg8+ Kb7 39. Rxc7+ Ka6
40. Rg6+ 1-0

[Event "4NCL 3 South pool A"]
[Site "Reading, ENG"]
[Date "2016.11.27"]
[Round "2.12"]
[White "Mihalik, Agoston"]
[Black "Simons, Martin J"]
[Result "1/2-1/2"]
[WhiteElo "2144"]
[BlackElo "2028"]
[PlyCount "70"]
[EventDate "2016.11.27"]
[WhiteTeam "Brown Jack 1"]
[BlackTeam "Wessex"]

1. e4 Nc6 2. d4 d5 3. Nc3 dxe4 4. d5 Ne5 5. Qd4 Ng6 6. Qxe4 Nf6 7. Qa4+ Bd7 8.
Qb3 Qc8 9. Bg5 h6 10. Bxf6 exf6 11. Bb5 Bd6 12. O-O-O O-O 13. Bxd7 Qxd7 14.
Nge2 Qf5 15. g3 Qxf2 16. Qxb7 Be5 17. Qa6 Rfb8 18. Qd3 Qb6 19. b3 Qa5 20. Nd4
Ne7 21. Na4 Qxd5 22. c4 Qxd4 23. Qxd4 Bxd4 24. Rxd4 Rd8 25. Rhd1 Nc6 26. Rd7
Rxd7 27. Rxd7 Rc8 28. Nc3 Ne5 29. Rd5 c6 30. Ra5 Rc7 31. Kc2 Kf8 32. Ne2 Ke7
33. Nd4 g6 34. Kc3 Kd6 35. b4 h5 1/2-1/2

[Event "4NCL 3 South pool A"]
[Site "Reading, ENG"]
[Date "2016.11.27"]
[Round "2.13"]
[White "Pleasants, Allan J"]
[Black "Martin, Lewis"]
[Result "1/2-1/2"]
[WhiteElo "2018"]
[BlackElo "2095"]
[PlyCount "115"]
[EventDate "2016.11.27"]
[WhiteTeam "Wessex"]
[BlackTeam "Brown Jack 1"]

1. e4 c5 2. Nf3 d6 3. Bb5+ Nd7 4. O-O g6 5. d4 a6 6. Bxd7+ Bxd7 7. e5 dxe5 8.
Nxe5 cxd4 9. Qxd4 Be6 10. Be3 Qxd4 11. Bxd4 Nf6 12. h3 Bg7 13. Ng4 O-O 14.
Nxf6+ exf6 15. Nd2 Bh6 16. Ne4 Rfd8 17. Bxf6 Rdc8 18. c3 Rc6 19. b3 Bd5 20. f3
Be3+ 21. Kh1 Re8 22. Rad1 Be6 23. Rd3 Bf4 24. Rfd1 Bc7 25. g4 h6 26. c4 b6 27.
Kg2 g5 28. Kf2 Ra8 29. Bb2 f5 30. Nf6+ Kf7 31. Nd5 Bd6 32. Bd4 b5 33. Nb6 bxc4
34. bxc4 Rb8 35. Rb3 fxg4 36. fxg4 Bxc4 37. Rf3+ Bf4 38. Rc1 Bb5 39. Rxc6 Bxc6
40. Rc3 Be4 41. Ra3 Bb7 42. Ra5 Rd8 43. Rf5+ Kg8 44. Be3 Rd3 45. Bxf4 Rf3+ 46.
Ke2 gxf4 47. Nd5 Rxh3 48. Ne7+ Kg7 49. Rxf4 Ra3 50. Rd4 Rxa2+ 51. Ke3 Rb2 52.
Nf5+ Kg6 53. Rd6+ Kg5 54. Nxh6 a5 55. Nf7+ Kxg4 56. Ne5+ Kf5 57. Nc4 Ra2 58.
Rd2 1/2-1/2

[Event "4NCL 3 South pool A"]
[Site "Reading, ENG"]
[Date "2016.11.27"]
[Round "2.14"]
[White "Richmond, Jane"]
[Black "De Coverly, Roger D"]
[Result "1/2-1/2"]
[WhiteElo "2131"]
[BlackElo "2017"]
[PlyCount "95"]
[EventDate "2016.11.27"]
[WhiteTeam "Brown Jack 1"]
[BlackTeam "Wessex"]

1. e4 e5 2. Nf3 Nc6 3. Bb5 Nf6 4. Nc3 Bb4 5. O-O O-O 6. d3 Bxc3 7. bxc3 d6 8.
h3 Ne7 9. Re1 a6 10. Ba4 b5 11. Bb3 c5 12. a4 Bb7 13. axb5 axb5 14. Rxa8 Qxa8
15. Bg5 Ng6 16. c4 b4 17. Nh4 Nxh4 18. Bxh4 Qc8 19. Bxf6 gxf6 20. Qh5 Kh8 21.
Qh6 Qd8 22. f4 exf4 23. Qxf4 Rg8 24. Ra1 Bc8 25. Ra8 Qe7 26. Ba4 Bb7 27. Rxg8+
Kxg8 28. Qg4+ Kf8 29. Qf5 Qe5 30. Qd7 Qe7 31. Kf2 Qxd7 32. Bxd7 Ke7 33. Ba4 Ke6
34. g4 Bc8 35. Kg3 Ke5 36. Kh4 Kf4 37. Kh5 Kg3 38. Kh6 Kxh3 39. Kxh7 Kxg4 40.
Kg7 f5 41. exf5 Kxf5 42. Kxf7 Ke5 43. Ke7 Bg4 44. Bb3 Bh3 45. Kd8 Bg2 46. Kc7
Bf3 47. Kb6 Bg2 48. Kc7 1/2-1/2

[Event "4NCL 3 South pool A"]
[Site "Reading, ENG"]
[Date "2016.11.27"]
[Round "2.15"]
[White "Gregory, Keith D F"]
[Black "Padilla Cabero, Pablo"]
[Result "1/2-1/2"]
[WhiteElo "1995"]
[BlackElo "2173"]
[PlyCount "27"]
[EventDate "2016.11.27"]
[WhiteTeam "Wessex"]
[BlackTeam "Brown Jack 1"]

1. Nf3 f5 2. g3 g6 3. Bg2 Nh6 4. O-O Bg7 5. c4 O-O 6. Nc3 c6 7. d3 Nf7 8. Bd2
d6 9. Rb1 Na6 10. b4 Nc7 11. a4 Bd7 12. b5 e5 13. Ne1 Qe7 14. Nc2 1/2-1/2

[Event "4NCL 3 South pool A"]
[Site "Reading, ENG"]
[Date "2016.11.27"]
[Round "2.16"]
[White "Onslow, Alfie"]
[Black "Adaway, William"]
[Result "1/2-1/2"]
[WhiteElo "1967"]
[BlackElo "1944"]
[PlyCount "84"]
[EventDate "2016.11.27"]
[WhiteTeam "Brown Jack 1"]
[BlackTeam "Wessex"]

1. e4 d6 2. d4 Nf6 3. Nc3 Nbd7 4. g3 e5 5. Nge2 Be7 6. Bg2 c6 7. O-O O-O 8. Kh1
Nb6 9. a4 a5 10. f4 exd4 11. Nxd4 Re8 12. b3 Nbd7 13. Ba3 Nc5 14. Bxc5 dxc5 15.
Nf3 Bg4 16. h3 Qxd1 17. Raxd1 Bxf3 18. Bxf3 Red8 19. e5 Ne8 20. Rxd8 Rxd8 21.
Rd1 Rxd1+ 22. Nxd1 Nc7 23. Ne3 Ne6 24. c3 f6 25. Be2 Kf8 26. Nc4 fxe5 27. fxe5
Ng5 28. Bd3 Nf3 29. Be4 b5 30. Nxa5 Nxe5 31. Nxc6 Nxc6 32. Bxc6 bxa4 33. Bxa4
c4 34. bxc4 Bf6 35. Kg2 Ke7 36. Kf3 Kd6 37. Ke4 Bxc3 38. Kf5 Kc5 39. Bb5 h6 40.
Ke6 Bb2 41. g4 Bc3 42. h4 Bb2 1/2-1/2